000 01305nam a2200265Ia 4500
999 _c53201
_d53201
001 20242
003 GE_BSU
005 20200727121619.0
008 181216s1981||||ge |||||||||||||| ||geo||
040 _cGE_BSU
041 _ageo
080 _a811.353.1-8(075.8) კ-644
100 _aკვაჭაძე, ლეო
_98939
245 _aქართული ენა ნაწ. 1 :
_b ლექსიკა, ფონეტიკა, გრაფიკა და მორფოლოგია მართლწერის საკითხებითურთ /
_cლეო კვაჭაძე ; რედ. ნ. საბაშვილი.
250 _aმე-3 გადამუშავებული და შევსებული გამოცემა
264 _aთბილისი :
_bგანათლება,
_c1981.
300 _a342 გვ. ;
_c21 სმ.
541 _h1ლ.60თ.
653 _aლექსიკა
653 _a ფონეტიკა
653 _aგრაფიკა და მორფოლოგია მართლწერის საკითხებითურთ
653 _aქართული ენა
700 _aსაბაშვილი, ნ.
_eრედაქტორი
_99039
942 _cBK
_2udc